| 000 | 01020nam a22002892 4500 | ||
|---|---|---|---|
| 001 | 28576 | ||
| 003 | UkOxU | ||
| 005 | 20211209051312.0 | ||
| 008 | 140331s1973 ru a b 001 0 eng d | ||
| 035 | _aBD-RjUL)28657 | ||
| 040 |
_aKLG _cKLG _dEQO _dBD-RjUL _beng |
||
| 041 | 1 | _aengrus | |
| 082 | 0 | 4 |
_a677.028 _bSAC 1973 |
| 090 |
_aTP893 _b.S213 1978 |
||
| 100 | 1 |
_aSadov, Fedor Ivanovich. _987525 |
|
| 245 | 1 | 0 |
_aChemical technology of fibrous materials / _cF. Sadov, M. Korchagin, A. Matetsky ; translated from the Russian by N. Chernyshova. |
| 260 |
_aMoscow : _bMir Publishers, _c1973. |
||
| 300 |
_a683 p. : _bill. ; _c23 cm. |
||
| 504 | _aBibliography: p. [661]-662. and Index | ||
| 650 | 0 |
_aDyes and dyeing _xTextile fibers. _987526 |
|
| 650 | 0 |
_aTextile fibers. _911357 |
|
| 650 | 0 |
_aTextile printing. _952099 |
|
| 700 | 1 |
_aKorchagin, Mikhail Vladimirovich. _987527 |
|
| 700 | 1 |
_aMatet͡skiĭ, Aleksandr Isaevich. _987528 |
|
| 942 |
_2ddc _cBK |
||
| 999 |
_c28576 _d28576 |
||